| 000 | 01422nam a2200229 u 4500 | ||
|---|---|---|---|
| 001 | 000232208 | ||
| 003 | AM-YeHGA | ||
| 005 | 20250618071555.0 | ||
| 008 | 030606s1946 ai r 000 0 arm d | ||
| 040 | _aAM-YeHGA | ||
| 100 | 1 | _aԿոստեր, Շառլ դը | |
| 245 | 1 | 0 |
_aՈւլենշպիգելի և Լամմե Գուդզակի լեգենդը և հերոսական, զվարճալի ու պանծալի արկածները Ֆլանդրիայի երկրում և այլուր = _bLa légende et les aventures héroïques, joyeuses et glorieuses D'Ulenspiegel et De Lamme Goedzak au pays De Flandres et ailleurs / _cՇառլ դը Կոստեր; Թարգմ.՝ Վ. Միքայելյան; Խմբ. և առաջաբանը՝ Ավ. Իսահակյանի; Նկ.՝ Վ. Դվորակովսկի, Ռ. Բեդրոսով. |
| 246 | 3 | 1 | _aLa légende et les aventures héroïques, joyeuses et glorieuses D'Ulenspiegel et De Lamme Goedzak au pays De Flandres et ailleurs |
| 260 |
_aԵրևան : _bՀայպետհրատ, _c1946. |
||
| 300 |
_a336 էջ : _bնկ. ; _c28 սմ. |
||
| 650 | 1 | 4 | _aԲելգիական գրականություն |
| 700 | 1 |
_aՄիքայելյան, Վահե Միքայելի, _d1900-1967 _eթարգմ. _4trl _91704 |
|
| 700 | 1 |
_aԻսահակյան, Ավետիք Սահակի, _d1875-1957 _eխմբ. _4edt _eառաջաբան _4aui _9963 |
|
| 700 | 1 |
_aԴվորակովսկի, Վ. _eնկ. _4art |
|
| 942 |
_2udc _cBK |
||
| 090 | _c83177 | ||
| 999 |
_c81909 _d81909 |
||